• 首页
  • 本馆介绍
  • 公告通知
  • 最新文献
  • 馆藏检索
  • 电子资源
  • 读者导购
  • 参考咨询
  • 我的图书馆
  • 登录
  • 详细信息显示
  • 放入我的书架
  • 预约/预借图书
  • 作者相关作品
  • 分类相关作品
  • 丛书相关作品
  • 出版社相关作品

书目信息

  • 表格格式
  • 工作单格式
  • 卡片格式
题名:
经济学原理
    
 
作者: 庄奕琦 著
分册:  
出版信息: 上海   复旦大学出版社  2003.10
页数: 455页
开本: 26cm
丛书名: 复旦博学·经世系列
单 册:
中图分类: F0
科图分类:
主题词: 政治经济学
电子资源:
ISBN: 7-309-03786-3
000 00600nam0 2200217 450
001 0457353391
005 20040616155553.03
010    @a7-309-03786-3@dCNY49.00
100    @a20040616d2003 km y0chiy0120 ea
101 0  @achi
102    @aCN@b310000
200 1  @a经济学原理@Ajing ji xue yuan li@f庄奕琦著@Fzhuang yi qi zhu
210    @a上海@c复旦大学出版社@d2003.10
215    @a455页@d26cm
225 2  @a复旦博学·经世系列
410  0 @12001 @a复旦博学·经世系列
606 0  @a政治经济学
690    @aF0@v4
701  0 @a庄奕琦@Azhuang yi qi@4著
801  0 @aCN@bPFT@c20040616
905    @aBZT@dF0@e4@f6
    
    经济学原理/庄奕琦著.-上海:复旦大学出版社,2003.10
    455页;26cm.-(复旦博学·经世系列)
    
    
    ISBN 7-309-03786-3:CNY49.00
    
●
相关链接 在五车中查询图书 在当当中查询图书 在豆瓣中查询图书


正题名:经济学原理     索取号:F0/4         预约/预借

序号 登录号 条形码 馆藏地/架位号 状态 备注
1 0364663   200370516   中心书库北库/ 北库006架A面1列3层2/ [索取号:F0/4] 在馆    
2 0364664   230080475   中心书库北库/ 北库006架A面1列3层5/ [索取号:F0/4] 在馆    
3 0364665   230080476   中心书库北库/ 北库006架A面1列3层3/ [索取号:F0/4] 在馆    
4 0364666   230080478   中心书库北库/ 北库006架A面1列3层4/ [索取号:F0/4] 在馆    
5 0364667   230080473   中心书库北库/ 北库006架A面1列3层1/ [索取号:F0/4] 在馆    
6 2001061602   2001061602   样本书库/样008架B面1层3列/ [索取号:F0/4] 在馆    
山东省滨州职业学院图书馆 欢迎您!
大连网信软件有限公司© 版权所有